000 00563nam a2200193Ia 4500
008 191130s1957##################000#0#eng##
020 _a9780520250109
022 _a57010503
040 _aACL
_cACL
082 _a861.27 SIM
100 _aSimpson, Lesley Byrd
245 _aThe poem of the Cid
_cTranslated by Lesley Byrd Simpson
260 _aBerkeley
_bUniversity of California Press
_c1957
300 _a139 p. illus. 19 cm
650 _aCid, ca. 1043-1099 - Romances
990 _a2fa7fe8fac10000c3dea5d2a08915cd6
991 _a284497
999 _c64139
_d64139